Sports Quiz

Random Sports or NFL Quiz

NFL Top 5 Receivers Since 1990 Quiz Stats

 Plays Quiz not verified by Sporcle

Score 0/110 Timer 12:00
0 Plays Today
Year Player % Correct
2011Calvin Johnson
97.2%
2008Calvin Johnson
97.2%
2007Chad Ochocinco
97.2%
2006Chad Ochocinco
97.2%
2005Chad Ochocinco
97.2%
2003Chad Ochocinco
97.2%
2009Andre Johnson
97%
2008Andre Johnson
97%
20092 Tied
95.3%
2007Randy Moss
93.8%
2003Randy Moss
93.8%
2002Randy Moss
93.8%
2000Randy Moss
93.8%
1999Randy Moss
93.8%
1998Randy Moss
93.8%
1996Jerry Rice
93.4%
1995Jerry Rice
93.4%
1994Jerry Rice
93.4%
1993Jerry Rice
93.4%
1992Jerry Rice
93.4%
1991Jerry Rice
93.4%
1990Jerry Rice
93.4%
2005Santana Moss
93.3%
2009Sidney Rice
92.6%
2011Steve Smith
89.3%
2008Steve Smith
89.3%
2005Steve Smith
89.3%
2000Rod Smith
89%
1998Rod Smith
89%
2001Jimmy Smith
89%
1999Jimmy Smith
89%
1998Jimmy Smith
89%
1997Jimmy Smith
89%
1996Jimmy Smith
89%
2007Terrell Owens
87.6%
2001Terrell Owens
87.6%
2000Terrell Owens
87.6%
Year Player % Correct
2011Wes Welker
86%
2009Wes Welker
86%
2011Larry Fitzgerald
83%
2008Larry Fitzgerald
83%
2007Larry Fitzgerald
83%
2005Larry Fitzgerald
83%
2006Marvin Harrison
81.8%
2002Marvin Harrison
81.8%
2001Marvin Harrison
81.8%
1999Marvin Harrison
81.8%
2010Reggie Wayne
80.9%
2007Reggie Wayne
80.9%
2006Reggie Wayne
80.9%
1999Tim Brown
76.7%
1997Tim Brown
76.7%
1994Tim Brown
76.7%
1993Tim Brown
76.7%
2004Torry Holt
76.2%
2003Torry Holt
76.2%
2001Torry Holt
76.2%
2000Torry Holt
76.2%
2004Isaac Bruce
74.6%
2000Isaac Bruce
74.6%
1996Isaac Bruce
74.6%
1995Isaac Bruce
74.6%
2005Anquan Boldin
73%
2003Anquan Boldin
73%
2002Hines Ward
72%
2010Roddy White
71.5%
2008Roddy White
71.4%
2010Greg Jennings
69%
1995Michael Irvin
66.4%
1993Michael Irvin
66.4%
1992Michael Irvin
66.4%
1991Michael Irvin
66.4%
2006Donald Driver
64.9%
2002Plaxico Burress
61.1%
Year Player % Correct
2011Victor Cruz
58.1%
2006Roy E. Williams
56.6%
2009Miles Austin
56.4%
1994Andre Reed
55.6%
1996Jake Reed
55.5%
2010Mike Wallace
54.8%
2004Muhsin Muhammad
53.6%
1993Sterling Sharpe
52.5%
1992Sterling Sharpe
52.5%
1990Sterling Sharpe
52.5%
2002Amani Toomer
51%
2010Brandon Lloyd
51%
2003Derrick Mason
49.5%
2004Joe Horn
48.6%
1996Herman Moore
46.2%
1995Herman Moore
46.2%
1997Rob Moore
46.1%
2001David Boston
44.4%
1998Antonio Freeman
43.4%
1991Gary Clark
42.6%
1990Gary Clark
42%
2004Javon Walker
41.8%
1998Eric Moulds
41.6%
1993Andre Rison
39.4%
1992Andre Rison
39.4%
1990Andre Rison
39%
1999Marcus Robinson
26.1%
1997Irving Fryar
23.3%
1995Robert Brooks
20.1%
1994Terance Mathis
20.1%
1994Henry Ellard
14.6%
1990Henry Ellard
14.6%
1997Yancey Thigpen
12%
1991Haywood Jeffires
8.9%
1992Fred Barnett
5.1%
1991Michael Haynes
4.2%

You're not logged in!

Compare scores with friends on all Sporcle quizzes.
OR
Log In

Show Comments

Extras

Top Quizzes Today


Score Distribution

Your Account Isn't Verified!

In order to create a playlist on Sporcle, you need to verify the email address you used during registration. Go to your Sporcle Settings to finish the process.

Report this User

Report this user for behavior that violates our Community Guidelines.

Details: